Les armes de Black Ops 2 - Statistiques

Statistiques générales
  • Ce quiz a été pris 301 fois
  • Le résultat moyen est 14 sur 39
Statistiques - réponses
Hint Réponse % Correct
0 BALLISTA
89%
0 DSR50
85%
0 AN94
77%
0 MSMC
76%
0 MP7
66%
0 SCAR-H
61%
0 SCORPION EVO
61%
0 COUTEAU BALISTIQUE
56%
0 M8A1
51%
0 B23R
50%
0 XPR50
50%
0 FAL OSW
48%
0 VECTOR K10
40%
0 KSG
39%
0 MTAR
39%
0 ARBALETE
38%
0 CHICOM CQB
38%
0 FIVE-SEVEN
38%
0 LSAT
37%
0 KAP-40
34%
0 M27
33%
0 EXECUTEUR
30%
0 HAMR
30%
0 SVU-AS
30%
0 TAC-45
30%
0 TYPE 25
29%
0 SWAT-556
28%
0 SMR
26%
0 MK 48
16%
0 M1216
15%
0 S12
14%
0 SMAW
12%
0 LANCE ROQUETTES
10%
0 QBB LSW
9%
0 PACIFICATEUR
5%
0 BOUCLIER ASSAUT
3%
0 FHJ-18 A
3%
0 M870 MCS
1%
0 PSW 57
1%
Aucun quiz correspondant
Distribution des résultats
% des personnes avec chaque résultat
Percentile par nombre de réponses
Votre historique - résultats
Vous n’avez pas pris ce quiz